000 00378nam a2200157Ia 4500
008 200103s9999||||xx |||||||||||||| ||und||
020 _a0851746721,
040 _aIMU-MPC
082 _aColumn-8
100 _aBaptist, C.
245 0 _aTanker Handbook for Deck Officers
250 _a8th Ed.
260 _bBrown, Son & Ferguson, Ltd.
_c2000
300 _aix, 197
942 _cBK
999 _c4105
_d4105